| 000 | 00831nam a2200253 a 4500 | ||
|---|---|---|---|
| 001 | 21671 | ||
| 003 | CO-ViMGA | ||
| 005 | 20230915231552.0 | ||
| 008 | 141112s2004 ck r 000 u spa d | ||
| 020 | _a9681663977 | ||
| 040 |
_aCO-ViMGA _bspa _cCO-ViMGA |
||
| 050 | _aHORh | ||
| 082 | 0 | 4 | _aHORh |
| 100 | 1 |
_aHorowitz, Anthony _911245 |
|
| 245 | 1 | 0 | _aEl horrible sueño de Harriet y otros cuentos de terror |
| 260 |
_aMexico : _bFondo de cultura económica, _c2002 |
||
| 300 | _a158 | ||
| 490 | _aA la orilla del viento; 154 | ||
| 590 | _aForma de adquisición : Donación fact. 8855 - - Precio : 15000 - - Proveedor : Fundación exito - - Fecha de adquisición : Junio 2007 | ||
| 650 | 1 | 4 |
_aCUENTOS INGLESES _93054 |
| 650 | 1 | 4 |
_aCUENTOS JUVENILES INGLESES _91989 |
| 650 | 1 | 4 |
_aMISTERIO - CUENTOS _911246 |
| 942 |
_2ddc _cBK |
||
| 999 |
_c30235 _d30235 |
||